| 000 -LEADER |
| fixed length control field |
00757nam a22002417a 4500 |
| 001 - CONTROL NUMBER |
| control field |
15966 |
| 003 - CONTROL NUMBER IDENTIFIER |
| control field |
BD-DhUAP |
| 005 - DATE AND TIME OF LATEST TRANSACTION |
| control field |
20210112102909.0 |
| 008 - FIXED-LENGTH DATA ELEMENTS--GENERAL INFORMATION |
| fixed length control field |
200119r20102002ii a|||| |||| 001 0 eng d |
| 020 ## - INTERNATIONAL STANDARD BOOK NUMBER |
| International Standard Book Number |
9780070141797 |
| 020 ## - INTERNATIONAL STANDARD BOOK NUMBER |
| International Standard Book Number |
0070141797 |
| 040 ## - CATALOGING SOURCE |
| Original cataloging agency |
BD-DhUAP |
| Language of cataloging |
Eng |
| Transcribing agency |
BD-DhUAP |
| Modifying agency |
BD-DhUAP |
| 082 ## - DEWEY DECIMAL CLASSIFICATION NUMBER |
| Edition number |
23 |
| Classification number |
004.22 CAR |
| 100 ## - MAIN ENTRY--PERSONAL NAME |
| Personal name |
Carter, Nicholas P. |
| 245 ## - TITLE STATEMENT |
| Title |
Computer architecture and organization / |
| Statement of responsibility, etc. |
Nicholas P. Carter ; adapted by Raj Kamal. |
| 250 ## - EDITION STATEMENT |
| Edition statement |
2nd ed. |
| 260 ## - PUBLICATION, DISTRIBUTION, ETC. |
| Place of publication, distribution, etc. |
New Delhi : |
| Name of publisher, distributor, etc. |
Tata McGraw Hill education, |
| Date of publication, distribution, etc. |
c2002 [Reprinted 2010]. |
| 300 ## - PHYSICAL DESCRIPTION |
| Extent |
various pages : |
| Dimensions |
illustrations ; |
| Accompanying material |
24 cm. |
| 490 ## - SERIES STATEMENT |
| Series statement |
Schaum's outlines series. |
| 500 ## - GENERAL NOTE |
| General note |
Includes index. |
| 650 ## - SUBJECT ADDED ENTRY--TOPICAL TERM |
| Topical term or geographic name entry element |
Computer architecture. |
| 942 ## - ADDED ENTRY ELEMENTS (KOHA) |
| Source of classification or shelving scheme |
|
| Koha item type |
Book |